| 000 | 00737cam a2200229 4500 | ||
|---|---|---|---|
| 008 | 051128s1999 nyua 000 0 eng u | ||
| 020 | _a0312192398 (hc) | ||
| 020 | _a931225377X (pbk) | ||
| 035 | _aa450613 | ||
| 050 | 0 | 4 |
_aQL761 _bB34 1999 |
| 100 | 1 | _aBagemihl, Bruce | |
| 245 | 1 | 0 |
_aBiological exuberance : _banimal homosexuality and natural diversity / _cBruce Bagemihl ; illustrated by John Megahan. |
| 250 | _a1a ed. | ||
| 260 |
_aNew York : _bSt. Martin's Press, _c1999. |
||
| 300 |
_axiii, 751 p. : _bill. ; _c25 cm. |
||
| 500 | _aIncluye índice | ||
| 504 | _aBibliografía: p. 671-732 | ||
| 506 | _aPifi 3.1 | ||
| 650 | 7 |
_aHomosexualidad en los animales _2lemb |
|
| 700 | 1 | _aMegahan, John, il. | |
| 942 |
_2lcc _cLIB |
||
| 999 |
_c109775 _d109775 |
||